LEADER 01138nam a2200265 i 4500 001 991000563439707536 008 100202s2005 it 00 ita d 020 $a8846462750 035 $ab1387634x-39ule_inst 040 $aSet. Economia - SAGA$bita 082 04$a658.041 245 03$aIl passaggio generazionale delle PMI :$bla gestione della trasmissione d'impresa tra rischi e opportunità /$cFilippo Ferrari (a cura di) 260 $aMilano :$bAngeli,$c2005 300 $a167 p. ;$c23 cm 440 0$aFormazione permanente.$nSezione 1.,$pProblemi d'oggi ;$v235 504 $aBibliografia a fine capitolo 650 04$aImpresa familiare$xSuccessione 650 04$aPiccole e medie imprese$xSuccessione 700 1 $aFerrari, Filippo$eauthor$4http://id.loc.gov/vocabulary/relators/aut$0329338 907 $a.b1387634x$b02-04-14$c02-02-10 912 $a991000563439707536 945 $aLE025 ECO 658 FER01.01$g1$i2025000230989$lle025$n2010$o-$pE17.00$q-$rl$s- $t0$u20$v10$w20$x0$y.i15068481$z02-02-10 996 $aPassaggio generazionale delle PMI$91440622 997 $aUNISALENTO 998 $ale025$b02-02-10$cm$da $e-$fita$git $h3$i0 LEADER 01281nam a2200265 i 4500 001 991001071339707536 005 20020502183208.0 008 001103s1988 it ||| | ita 020 $a8814014817 035 $ab11459608-39ule_inst 035 $aPRUMB54443$9ExL 040 $aScuola per assistenti sociali$bita 100 1 $aFinocchiaro, Alfio$028898 245 10$aDiritto di famiglia :$blegislazione, dottrina, giurisprudenza :$bcommento sistematico della Legge 1. dicembre 1970, n. 898 come modificata dalle leggi 1. agosto 1978, n. 436 e 6 marzo 1987, n. 74 :$bvolume terzo :$bil divorzio /$cAlfio Finocchiaro, Mario Finocchiaro 260 $aMilano :$bA. Giuffrè,$c1988 300 $aIV, 768 p. ;$c25 cm. 500 $aPer i v. 1-2 cfr. Diritto di famiglia : commento sistematico dellalegge 19 maggio 1975, n. 151 ... 650 4$aDivorzio$xLegislazione 700 1 $aFinocchiaro, Mario$eauthor$4http://id.loc.gov/vocabulary/relators/aut$028899 907 $a.b11459608$b02-04-14$c01-07-02 912 $a991001071339707536 945 $aLE024 D/B II 9$cv. 3$g1$i2024000021498$lle021$nex DUSS$o-$pE0.00$q-$rl$s- $t0$u0$v0$w0$x0$y.i11647462$z01-07-02 996 $aDiritto di famiglia$9583227 997 $aUNISALENTO 998 $ale021$b01-01-00$cm$da $e-$fita$git $h0$i1 LEADER 01185nam a2200313 i 4500 001 991000450539707536 005 20250728120215.0 008 960305s1994 it ||| | ita 020 $a8813184123 035 $ab10079300-39ule_inst 035 $aLE02516313$9ExL 040 $aBibl. Dip.le Aggr. Scienze Economia - Sez. Settore Economico 082 0 $a342 082 0 $a350.711 100 1 $aBuscema, Salvatore$036158 245 12$aI contratti della pubblica amministrazione /$cSalvatore Buscema, Angelo Buscema 250 $a2. ed 260 $aPadova :$bCedam,$c1994 300 $axii, 828 p. ;$c25 cm. 490 0 $aTrattato di diritto amministrativo ;$v7 650 4$aAmministrazione pubblica 650 4$aContratti amministrativi 700 1 $aBuscema, Angelo$eauthor$4http://id.loc.gov/vocabulary/relators/aut$0133047 907 $a.b10079300$b17-02-17$c27-06-02 912 $a991000450539707536 945 $aLE025 ECO 342 TRA01.01$cV. 7 - 1994$g1$i2025000005877$lle025$o-$pE0.00$q-$rn$so$t0$u2$v1$w2$x0$y.i10090241$z27-06-02 996 $aContratti della pubblica amministrazione$9623844 997 $aUNISALENTO 998 $ale025$b01-01-96$cm$da$e-$fita$git$h2$i1